The explorers
Furkejuvvon:
| Váldodahkkit: | , |
|---|---|
| Materiálatiipa: | Girji |
| Giella: | eaŋgalasgiella |
| Almmustuhtton: |
San Diego
The Union Tribune Publishing
1960
|
| Ráidu: | The History of San Diego, 1
|
| Fáttát: | |
| Fáddágilkorat: |
Lasit fáddágilkoriid
Eai fáddágilkorat, Lasit vuosttaš fáddágilkora!
|
MARC
| LEADER | 00000nam a2200000 a 4500 | ||
|---|---|---|---|
| 001 | UCH2992 | ||
| 003 | CL-VaPUC | ||
| 008 | 090709e19600000US |||||||||||||||||eng|d | ||
| 082 | 0 | 4 | |a 973 |b POU |2 21 |
| 100 | 0 | |a Pourade, Richard F |e author |9 538079 | |
| 700 | 0 | |a Copley, James S |e author |9 538080 | |
| 245 | 1 | 4 | |a The explorers |
| 300 | |a 203 p | ||
| 942 | |c BK | ||
| 945 | |d 20090709 00:00:00 |a rbrito | ||
| 260 | |a San Diego |b The Union Tribune Publishing |c 1960 | ||
| 650 | 7 | |a HISTORIA DE SAN DIEGO |2 CL-VaPUC |9 538081 | |
| 651 | 7 | |a CALIFORNIA |2 CL-VaPUC |9 264797 | |
| 651 | 0 | |a Estados Unidos |9 255178 | |
| 583 | |a last modification |c 20090709 00:00:00 |k Rodrigo Vera | ||
| 490 | 0 | |a The History of San Diego, 1 | |
| 999 | |c 334649 |d 334647 | ||
| 952 | |0 0 |1 0 |4 0 |6 973_000000000000000_POU_1960 |7 0 |8 X |9 423779 |a FDOBUD |b FDOBUD |d 2019-11-22 |i 4566378 |o 973 POU 1960 |p 4566378 |r 2019-11-22 |w 2019-11-22 |y BK_X |k BUD | ||